[Event "Metz op 14th"]
[Site "?"]
[Date "1996.??.??"]
[Round "?"]
[White "Djuric Stefan"]
[Black "Eingorn Vereslav S"]
[Result "1-0"]
[WhiteElo "2515"]
[BlackElo "2580"]
[PlyCount "99"]
[EventDate "1996.??.??"]
[Source "www.chesslib.no"]
[SourceDate "2004.05.04"]

1. e4 e6 2. d4 d5 3. Nc3 Bb4 4. Bd3 dxe4 5. Bxe4 Nf6 6. Bd3 c5 7. Nf3 cxd4 8. Nxd4 Bd7 9. O-O Nc6 10. a3 Bd6 11. Nf3 Ne5 12. Bb5 Bb8 13. Re1 Nxf3+ 14. Qxf3 Bxb5 15. Nxb5 Qd5 16. Qxd5 Nxd5 17. c4 Nf6 18. Bg5 h6 19. Bxf6 gxf6 20. Rad1 Ke7 21. g3 Rc8 22. Re2 a6 23. Nd4 Be5 24. b3 Rd8 25. Red2 Rac8 26. Kg2 f5 27. b4 Bxd4 28. Rxd4 Rxd4 29. Rxd4 b6 30. Rh4 Rd8 31. Rxh6 Rd3 32. Rh8 Rxa3 33. h4 Rc3 34. h5 f6 35. Rb8 Kf7 36. Rb7+ Kg8 37. b5 axb5 38. cxb5 Rb3 39. Rxb6 Kg7 40. Rb8 e5 41. b6 e4 42. Kf1 e3 43. fxe3 Rxe3 44. h6+ Kh7 45. Rf8 Rb3 46. Rxf6 Rxg3 47. Rxf5 Kxh6 48. Rb5 Rg8 49. b7 Rb8 50. Ke2 1-0

[Event "Moscow-4teams"]
[Site "Moscow"]
[Date "1981.??.??"]
[Round "?"]
[White "Kuzmin, Gennadi P"]
[Black "Dolmatov, Sergey"]
[Result "1-0"]
[WhiteElo "2545"]
[BlackElo "2545"]
[PlyCount "77"]
[EventDate "1981.06.??"]
[Source "ChessBase"]

1. e4 e6 2. d4 d5 3. Nc3 Bb4 4. a3 Bxc3+ 5. bxc3 dxe4 6. Qg4 Nf6 7. Qxg7 Rg8 8. Qh6 c5 9. Ne2 Rg6 10. Qd2 Nbd7 11. g3 b6 12. Bg2 Bb7 13. O-O Qc7 14. a4 O-O-O 15. a5 Ne5 16. axb6 axb6 17. Qf4 Nf3+ 18. Bxf3 exf3 19. Qxc7+ Kxc7 20. Nf4 Rgg8 21. dxc5 bxc5 22. Nd3 Ne4 23. Bf4+ Kc8 24. Ra5 f6 25. Nxc5 e5 26. Nxb7 Kxb7 27. Ra4 Nc5 28. Rc4 Kc6 29. Be3 Rd5 30. Re1 Rgd8 31. h3 h5 32. Ra1 Rb8 33. Kh2 f5 34. Ra6+ Kb5 35. Rb4+ Kxa6 36. Rxb8 Ne4 37. c4 Rd6 38. Re8 Nxf2 39. Re7 1-0

[Event "Moscow PCA-Intel qual"]
[Site "Moscow"]
[Date "1995.??.??"]
[Round "5"]
[White "Smirin, Ilia"]
[Black "Totsky, Leonid"]
[Result "1-0"]
[WhiteElo "2630"]
[BlackElo "2455"]
[PlyCount "71"]
[EventDate "1995.??.??"]
[Source "ChessBase"]

1. e4 e6 2. d4 d5 3. Nc3 Bb4 4. Qd3 dxe4 5. Qxe4 Nf6 6. Qh4 Qd5 7. Nge2 Qe4 8. Qxe4 Nxe4 9. a3 Bxc3+ 10. bxc3 b6 11. Bf4 Ba6 12. Bxc7 Nd7 13. f3 Rc8 14. fxe4 Rxc7 15. Kd2 Ke7 16. Nf4 Bb7 17. Bd3 Nf6 18. Rhe1 Rhc8 19. c4 g5 20. Nh3 h6 21. Nf2 e5 22. d5 Rc5 23. Nd1 Ne8 24. Ne3 Nd6 25. Rf1 Rd8 26. Ng4 h5 27. Nxe5 f6 28. Ng6+ Kf7 29. e5 Nxc4+ 30. Bxc4 Rxc4 31. Rxf6+ Kg7 32. d6 Be4 33. Ne7 Bxg2 34. Rg1 Rg4 35. Nf5+ Kh7 36. e6 1-0

[Event "ADCF Masters"]
[Site "Abu Dhabi"]
[Date "2003.08.19"]
[Round "4"]
[White "Harikrishna, Penteala"]
[Black "Dizdar, Goran"]
[Result "1/2-1/2"]
[WhiteElo "2558"]
[BlackElo "2525"]
[PlyCount "87"]
[EventDate "2003.08.16"]
[Source "Roberto Alvarez"]
[SourceDate "2003.09.01"]

1. e4 e6 2. d4 d5 3. Nc3 Bb4 4. Bd3 dxe4 5. Bxe4 Nf6 6. Bf3 c5 7. Nge2 Nc6 8. Be3 cxd4 9. Nxd4 Ne5 10. O-O Bxc3 11. bxc3 Nxf3+ 12. Qxf3 Qd5 13. Qe2 Bd7 14. Rfd1 O-O 15. c4 Qe4 16. f3 Qe5 17. Qf2 Rfc8 18. Nb3 Rxc4 19. Bxa7 Nd5 20. Bd4 Qc7 21. Rd2 Rc8 22. Rc1 e5 23. Bb2 Be6 24. Re1 f6 25. Nd4 Nf4 26. Nxe6 Nxe6 27. Qe3 Qc5 28. Qxc5 Nxc5 29. c3 Kf7 30. Rb1 Rc7 31. Kf2 Ke6 32. Kg3 h5 33. h4 Kf5 34. Ba3 Na4 35. Bb4 Nxc3 36. Bxc3 Rxc3 37. Rdb2 g5 38. Rxb7 gxh4+ 39. Kxh4 Rxb7 40. Rxb7 Rc2 41. Rg7 Rxa2 42. Kxh5 Ra1 43. Kh4 Kf4 44. Rg4+ 1/2-1/2

[Event "It (Open) Obrenovac SCG"]
[Site "?"]
[Date "2005.11.26"]
[Round "5"]
[White "Miladinovic Igor"]
[Black "Petrik Tomas"]
[Result "1-0"]
[WhiteElo "2609"]
[BlackElo "2473"]
[PlyCount "61"]
[EventDate "2005.??.??"]
[Source "www.chesslib.no"]
[SourceDate "2004.05.04"]

1. d4 e6 2. e4 d5 3. Nc3 Bb4 4. a3 Bxc3+ 5. bxc3 dxe4 6. Qg4 Nf6 7. Qxg7 Rg8 8. Qh6 Nbd7 9. a4 c5 10. a5 Qc7 11. Qd2 Nf8 12. Ne2 Bd7 13. Qf4 Qxf4 14. Bxf4 Rc8 15. dxc5 Bc6 16. a6 N8d7 17. axb7 Bxb7 18. Rxa7 Nxc5 19. Bd6 Nfd7 20. Nd4 Ra8 21. Rxa8+ Bxa8 22. Bb5 Kd8 23. O-O Rg5 24. c4 e5 25. Ra1 Bb7 26. Nc6+ Kc8 27. h4 Rh5 28. Ne7+ Kd8 29. Rd1 Ne6 30. c3 f5 31. c5 1-0

[Event "Czech Extraleague 1998-9"]
[Site "?"]
[Date "1998.11.28"]
[Round "3"]
[White "Stocek Jiri"]
[Black "Shulman Yuri"]
[Result "1/2-1/2"]
[WhiteElo "2537"]
[BlackElo "2523"]
[PlyCount "48"]
[EventDate "1998.??.??"]
[Source "www.chesslib.no"]
[SourceDate "2004.05.04"]

1. e4 e6 2. d4 d5 3. Nc3 Bb4 4. a3 Bxc3+ 5. bxc3 dxe4 6. Qg4 Nf6 7. Qxg7 Rg8 8. Qh6 Nbd7 9. Ne2 b6 10. a4 Bb7 11. a5 c5 12. Ng3 Rc8 13. Bb5 cxd4 14. cxd4 Rxc2 15. O-O Rg6 16. Qh4 Bc6 17. Bxc6 Rxc6 18. axb6 axb6 19. Bg5 h6 20. Bxf6 Nxf6 21. Qf4 Kf8 22. Nxe4 Rc4 23. Nd6 Rc6 24. Ne4 Rc4 1/2-1/2

[Event "YUG-chT"]
[Site "?"]
[Date "1996.??.??"]
[Round "?"]
[White "Djuric Stefan"]
[Black "Drasko Milan"]
[Result "1/2-1/2"]
[WhiteElo "2560"]
[BlackElo "2500"]
[PlyCount "80"]
[EventDate "1996.??.??"]
[Source "www.chesslib.no"]
[SourceDate "2004.05.04"]

1. e4 e6 2. d4 d5 3. Nc3 Bb4 4. Bd3 dxe4 5. Bxe4 Nf6 6. Bd3 c5 7. Nf3 cxd4 8. Nxd4 e5 9. Nde2 O-O 10. O-O Bg4 11. f3 Bh5 12. a3 Bc5+ 13. Kh1 Bg6 14. Bxg6 hxg6 15. Bg5 Nc6 16. Qe1 Qd7 17. Qh4 Qe6 18. Rae1 Nh7 19. Ne4 Be7 20. Bxe7 Qxe7 21. Qxe7 Nxe7 22. Rd1 Rfd8 23. g4 f5 24. Nd6 Nf6 25. Rg1 Rd7 26. Nc4 Rc7 27. b3 e4 28. gxf5 exf3 29. Nd4 Nxf5 30. Nxf3 b5 31. Nce5 Rxc2 32. Rc1 Rac8 33. Rxc2 Rxc2 34. Ng5 Ne3 35. Re1 Nfd5 36. Nxg6 Rc3 37. Rb1 a5 38. h4 Rd3 39. Kh2 Rd1 40. Rxd1 Nxd1 1/2-1/2

[Event "URS-ch sf"]
[Site "Irkutsk"]
[Date "1983.??.??"]
[Round "?"]
[White "Tseshkovsky, Vitaly"]
[Black "Lputian, Smbat G"]
[Result "1/2-1/2"]
[WhiteElo "2560"]
[BlackElo "2495"]
[PlyCount "59"]
[EventDate "1983.09.??"]
[Source "ChessBase"]

1. e4 e6 2. d4 d5 3. Nc3 Bb4 4. Bd3 dxe4 5. Bxe4 Nf6 6. Bf3 c5 7. Nge2 Nc6 8. a3 Bxc3+ 9. bxc3 e5 10. Bxc6+ bxc6 11. O-O exd4 12. cxd4 O-O 13. Re1 Re8 14. Bg5 Ba6 15. Ng3 Rxe1+ 16. Qxe1 Qxd4 17. c3 Qd6 18. Nf5 Qd7 19. Nh6+ gxh6 20. Bxf6 Re8 21. Qc1 Qe6 22. Bh4 Bd3 23. h3 Kg7 24. Qf4 Qe5 25. Qg4+ Bg6 26. Rc1 h5 27. Qd7 Re6 28. Qd2 Qd5 29. Qxd5 cxd5 30. Rd1 1/2-1/2

[Event "New York op"]
[Site "New York"]
[Date "1989.??.??"]
[Round "1"]
[White "Djuric, Stefan"]
[Black "Dolmatov, Sergey"]
[Result "1-0"]
[WhiteElo "2475"]
[BlackElo "2580"]
[PlyCount "66"]
[EventDate "1989.03.??"]
[Source "ChessBase"]

1. d4 e6 2. e4 d5 3. Nc3 Bb4 4. Bd3 dxe4 5. Bxe4 Nf6 6. Bd3 c5 7. Nf3 O-O 8. O-O cxd4 9. Nxd4 e5 10. Nde2 h6 11. a3 Be7 12. Ng3 Bg4 13. Qe1 Nc6 14. Nge4 Nxe4 15. Qxe4 f5 16. Qc4+ Kh8 17. f3 Bh5 18. Be3 a6 19. Qd5 Qc8 20. Qa2 Bf7 21. Nd5 Bg5 22. Bxg5 hxg5 23. c4 Bxd5 24. cxd5 Nd4 25. Rac1 Qd7 26. Rc5 b6 27. Rc3 a5 28. Rfc1 Qd6 29. a4 Rf6 30. Qc4 Rf7 31. Bb1 Re7 32. Ba2 Rae8 33. Qd3 Qf6 1-0

[Event "Debrecen"]
[Site "Debrecen"]
[Date "1989.??.??"]
[Round "?"]
[White "Hector, Jonny"]
[Black "Eingorn, Vereslav S"]
[Result "0-1"]
[WhiteElo "2485"]
[BlackElo "2570"]
[PlyCount "78"]
[EventDate "1989.06.??"]
[Source "ChessBase"]

1. e4 e6 2. d4 d5 3. Nc3 Bb4 4. Qd3 dxe4 5. Qxe4 Nf6 6. Qh4 Bd7 7. Bd3 Bc6 8. Nge2 Nbd7 9. O-O Be7 10. Bg5 h6 11. Rae1 Nb6 12. f4 Rg8 13. Bxf6 gxf6 14. Rf2 f5 15. Qxh6 Qd7 16. Qh3 O-O-O 17. Qe3 Bf6 18. a3 Nd5 19. Qd2 Nxc3 20. bxc3 Bh4 21. Ng3 Bxg3 22. hxg3 Rxg3 23. Re3 Rg7 24. Be2 Rh8 25. Bf3 Rgh7 26. Rf1 Bxf3 27. Rfxf3 Rh1+ 28. Kf2 Qb5 29. Re1 Rxe1 30. Qxe1 Qb2 31. Qd2 Qxa3 32. Rh3 Rg8 33. Rh7 Qf8 34. Qe3 Rxg2+ 35. Kf1 Rg7 36. Rh2 Qd6 37. Rh4 Qd5 38. Qh3 Kd7 39. Rh8 Rg4 0-1

[Event "Bergraser Memorial corr8993"]
[Site "?"]
[Date "1989.??.??"]
[Round "?"]
[White "Sorri, Kari Juhani"]
[Black "Anton, Volker-Michael"]
[Result "0-1"]
[WhiteElo "2415"]
[BlackElo "2630"]
[PlyCount "38"]
[EventDate "1989.??.??"]
[Source "www.chesslib.no"]
[SourceDate "2004.05.04"]

1. e4 e6 2. d4 d5 3. Nc3 Bb4 4. a3 Bxc3+ 5. bxc3 dxe4 6. Qg4 Nf6 7. Qxg7 Rg8 8. Qh6 c5 9. Ne2 Nbd7 10. Ng3 Qa5 11. Bd2 b6 12. a4 cxd4 13. Bb5 e3 14. fxe3 dxc3 15. O-O Rg6 16. Qh4 cxd2 17. Ne4 Ke7 18. Bxd7 Qh5 19. Qxh5 Nxh5 0-1

[Event "ESP Team Ch"]
[Site "?"]
[Date "2002.12.04"]
[Round "5"]
[White "Campora Daniel H"]
[Black "Del Rio Angelis Salvador G"]
[Result "1-0"]
[WhiteElo "2542"]
[BlackElo "2494"]
[PlyCount "37"]
[EventDate "2002.??.??"]
[Source "www.chesslib.no"]
[SourceDate "2004.05.04"]

1. e4 e6 2. d4 d5 3. Nc3 Bb4 4. Qg4 Nf6 5. Qxg7 Rg8 6. Qh6 dxe4 7. Nge2 c5 8. Bg5 Rg6 9. Qh4 cxd4 10. O-O-O e5 11. Bxf6 Qxf6 12. Qxf6 Rxf6 13. Nd5 Rxf2 14. Nxb4 Be6 15. Ng3 a5 16. Nxe4 Rf4 17. Nd6+ Ke7 18. Nc8+ Kf6 19. Nb6 1-0

[Event "Hastings Challengers 9091"]
[Site "Hastings"]
[Date "1990.??.??"]
[Round "?"]
[White "Conquest, Stuart"]
[Black "Vladimirov, Evgeny"]
[Result "0-1"]
[WhiteElo "2460"]
[BlackElo "2575"]
[PlyCount "78"]
[EventDate "1990.12.??"]
[Source "ChessBase"]

1. e4 e6 2. d4 d5 3. Nc3 Bb4 4. a3 Bxc3+ 5. bxc3 dxe4 6. Qg4 Nf6 7. Qxg7 Rg8 8. Qh6 Rg6 9. Qd2 b6 10. Ne2 Bb7 11. a4 Nc6 12. Ba3 Qd7 13. Nc1 e5 14. Nb3 O-O-O 15. O-O-O a5 16. h4 h5 17. f3 exd4 18. Bb5 e3 19. Qe2 Qe6 20. cxd4 Nd5 21. Bc4 Qd7 22. Kb2 Na7 23. Bd3 Rgg8 24. Rhg1 Qxa4 25. Ra1 Qe8 26. g3 a4 27. Nc1 Nf4 28. Bf5+ Kb8 29. Qc4 Rd5 30. Be4 Rb5+ 31. Ka2 Bxe4 32. fxe4 Qxe4 33. Rb1 Rxb1 34. Kxb1 Nd5 35. Ne2 Rg6 36. Qxa4 Rc6 37. Bb2 Qf3 38. Nc1 Qf2 39. Rd1 e2 0-1

[Event "JUG Team Ch"]
[Site "Cetinje"]
[Date "1991.??.??"]
[Round "5"]
[White "Djuric, Stefan"]
[Black "Todorovic, Goran M"]
[Result "1/2-1/2"]
[WhiteElo "2540"]
[BlackElo "2490"]
[PlyCount "148"]
[EventDate "1991.??.??"]
[Source "www.chesslib.no"]
[SourceDate "2004.05.04"]

1. e4 e6 2. d4 d5 3. Nc3 Bb4 4. Bd3 c5 5. a3 Bxc3+ 6. bxc3 dxe4 7. Bxe4 Nf6 8. Bd3 Qd5 9. Nf3 c4 10. Bf1 O-O 11. Qe2 b5 12. g3 Bb7 13. Bg2 Nc6 14. Bg5 Nd7 15. O-O Nb6 16. h4 Rfe8 17. Rfb1 Na4 18. Qd2 Na5 19. Kh2 a6 20. Rg1 Qd6 21. Bf4 Qe7 22. Rge1 Bd5 23. Ng5 Bxg2 24. Kxg2 Nc6 25. h5 Rad8 26. Qe3 h6 27. Ne4 f5 28. Nd2 Qf7 29. Qf3 Ne7 30. Nf1 Nd5 31. Bd2 Nf6 32. Re5 Rd5 33. Rxd5 Nxd5 34. Re1 Re7 35. Ne3 Nab6 36. Nxd5 Nxd5 37. Ra1 Kh7 38. a4 Nf6 39. axb5 axb5 40. Ra5 Ne4 41. Bf4 Qe8 42. g4 Qc6 43. gxf5 exf5 44. Kh2 Rf7 45. Qg2 Qb6 46. Ra3 Qf6 47. Kg1 Ng5 48. Be5 Qe7 49. Ra6 f4 50. Qc6 Qb7 51. Qxb7 Rxb7 52. Kg2 f3+ 53. Kh2 Ne4 54. d5 Nxf2 55. Kg3 Re7 56. Bd4 Ne4+ 57. Kxf3 Ng5+ 58. Kg4 Rd7 59. d6 Nf7 60. Bc5 g6 61. Kf4 Kg7 62. Bd4+ Kh7 63. Be5 gxh5 64. Kf5 h4 65. Ke6 Rb7 66. Bf6 h3 67. d7 h2 68. Ra1 Kg6 69. Be7 Rb6+ 70. Kd5 Rb7 71. Ke6 Rb6+ 72. Kd5 Rb7 73. Ke6 Rb6+ 74. Kd5 Rb7 1/2-1/2

[Event "X Open Anibal"]
[Site "Linares"]
[Date "2003.03.01"]
[Round "2.6"]
[White "Labib, Ibrahim Hasan"]
[Black "Socko, Bartosz"]
[Result "1/2-1/2"]
[WhiteElo "2439"]
[BlackElo "2577"]
[PlyCount "129"]
[EventDate "2003.03.01"]
[Source "Roberto Alvarez"]
[SourceDate "2003.03.03"]

1. e4 e6 2. d4 d5 3. Nc3 Bb4 4. Bd3 dxe4 5. Bxe4 Nf6 6. Bg5 Nbd7 7. Qd3 c5 8. Nge2 Qa5 9. Bd2 cxd4 10. Qxd4 e5 11. Qe3 Nxe4 12. Nxe4 Bxd2+ 13. Qxd2 Qxd2+ 14. Kxd2 Ke7 15. N2c3 Nb6 16. Rad1 Bd7 17. Kc1 Bc6 18. Rhe1 Rhd8 19. Nd2 Kf8 20. Rxe5 Bxg2 21. Rh5 h6 22. f3 Rd4 23. Ne2 Rd6 24. Nf4 Rad8 25. Nxg2 Nc4 26. Rc5 Nxd2 27. Ne3 R6d7 28. f4 b6 29. Rd5 Rxd5 30. Nxd5 Rxd5 31. Rxd2 Rh5 32. b4 Ke7 33. Kb2 Rh4 34. Rf2 f5 35. c4 Ke6 36. Kb3 g5 37. Re2+ Kd6 38. Rd2+ Kc7 39. fxg5 hxg5 40. Rd5 Rh3+ 41. Ka4 Rxh2 42. Rxf5 Rxa2+ 43. Kb3 Rg2 44. Rf7+ Kb8 45. c5 b5 46. Rf8+ Kc7 47. Rf7+ Kc6 48. Rxa7 Rg3+ 49. Kb2 Kd5 50. Rd7+ Kc6 51. Rd6+ Kc7 52. Rb6 Rg2+ 53. Kc3 Rg3+ 54. Kd4 Rg4+ 55. Kd5 Rxb4 56. Rg6 Kb7 57. Rxg5 Rb1 58. Rg7+ Ka6 59. Kc6 Rh1 60. Kc7 b4 61. c6 b3 62. Rg3 Rh7+ 63. Kd6 Rh6+ 64. Kc5 Rh5+ 65. Kc4 1/2-1/2

[Event "Alicante Open"]
[Site "Alicante ESP"]
[Date "1992.??.??"]
[Round "8"]
[White "Hamdouchi, Hichem"]
[Black "Eingorn, Vereslav S"]
[Result "1/2-1/2"]
[WhiteElo "2435"]
[BlackElo "2580"]
[PlyCount "177"]
[EventDate "1992.??.??"]
[Source "www.chesslib.no"]
[SourceDate "2004.05.04"]

1. e4 e6 2. d4 d5 3. Nc3 Bb4 4. Bd3 dxe4 5. Bxe4 Nf6 6. Bg5 Nbd7 7. a3 Bxc3+ 8. bxc3 h6 9. Bxf6 Nxf6 10. Qf3 c6 11. Ne2 O-O 12. Bd3 c5 13. O-O Qc7 14. Ng3 c4 15. Be4 Nxe4 16. Qxe4 Bd7 17. Rfe1 Bc6 18. Qe5 Rac8 19. Rab1 Rfd8 20. Rb4 Be8 21. Qxc7 Rxc7 22. Nf1 Rd5 23. Nd2 Ra5 24. Ra1 Ra4 25. f3 Rxb4 26. axb4 a6 27. Kf2 Kf8 28. Ke3 Ke7 29. Nb1 Rc8 30. Ra5 Bb5 31. g3 Kd7 32. Ra1 Kd6 33. Ra5 Kd5 34. f4 b6 35. Ra1 Ra8 36. Na3 Be8 37. Re1 f6 38. Kd2 a5 39. b5 Bg6 40. h4 Bh5 41. Ke3 Bg4 42. Rf1 Rg8 43. Rf2 Bf5 44. Rh2 g5 45. hxg5 hxg5 46. Rh6 gxf4+ 47. Kxf4 Bg6 48. g4 e5+ 49. dxe5 fxe5+ 50. Ke3 Kc5 51. Kf3 Kd5 52. Ke3 a4 53. Kf3 Be4+ 54. Ke3 Rxg4 55. Rxb6 Rg3+ 56. Kd2 Rg2+ 57. Kc1 Kc5 58. Re6 Rg5 59. Re8 Bb7 60. Kd2 e4 61. Ke3 Rg3+ 62. Kd2 Rg1 63. Rb8 Bd5 64. Rc8+ Kb6 65. Nxc4+ Kxb5 66. Nd6+ Kb6 67. c4 Bc6 68. c5+ Kxc5 69. Nxe4+ Kb6 70. Nc3 a3 71. Rb8+ Bb7 72. Re8 Kc5 73. Re7 Bc6 74. Ra7 Ra1 75. Ra6 Bd7 76. Ra7 Be6 77. Ra5+ Kb6 78. Ra4 Bd7 79. Rb4+ Kc5 80. Rb3 Be6 81. Rb5+ Kc4 82. Ra5 Bd7 83. Ra6 Kc5 84. Ra7 Be8 85. Re7 Bc6 86. Re1 Rxe1 87. Kxe1 Bd5 88. Kd2 Kc4 89. Kc1 1/2-1/2

[Event "Debrecen"]
[Site "Debrecen"]
[Date "1989.??.??"]
[Round "?"]
[White "Hector, Jonny"]
[Black "Mohr, Stefan"]
[Result "1-0"]
[WhiteElo "2485"]
[BlackElo "2530"]
[PlyCount "75"]
[EventDate "1989.06.??"]
[Source "ChessBase"]

1. e4 e6 2. d4 d5 3. Nc3 Bb4 4. Qd3 dxe4 5. Qxe4 Nf6 6. Qh4 c5 7. dxc5 Bxc3+ 8. bxc3 Qa5 9. Bd2 Qxc5 10. Bd3 b6 11. Ne2 Bb7 12. Rb1 Nbd7 13. O-O O-O 14. Rb5 Qc6 15. Rg5 e5 16. f3 g6 17. Ng3 Ne8 18. c4 Ng7 19. Qh6 f5 20. h4 Rf6 21. h5 Raf8 22. hxg6 hxg6 23. Bxf5 Rxf5 24. Rxg6 Qc5+ 25. Rf2 Qe7 26. Bg5 Rxg5 27. Rxg5 Rf6 28. Qh3 Nf8 29. Nf5 Rxf5 30. Qxf5 Nfe6 31. Rg4 Nc5 32. Rd2 e4 33. Qg6 Nce6 34. fxe4 Ba6 35. e5 Qc5+ 36. Kh1 Qxe5 37. Qe8+ Kh7 38. Rh4+ 1-0

[Event "Debrecen"]
[Site "Debrecen"]
[Date "1989.??.??"]
[Round "?"]
[White "Hector, Jonny"]
[Black "Mohr, Stefan"]
[Result "1-0"]
[WhiteElo "2485"]
[BlackElo "2530"]
[PlyCount "44"]
[EventDate "1989.06.??"]
[Source "www.chesslib.no"]
[SourceDate "2004.05.04"]

1. e4 e6 2. d4 d5 3. Nc3 Bb4 4. Qd3 dxe4 5. Qxe4 Nf6 6. Qh4 c5 7. dxc5 Bxc3+ 8. bxc3 Qa5 9. Bd2 Qxc5 10. Bd3 b6 11. Ne2 Bb7 12. Rb1 Nbd7 13. O-O O-O 14. Rb5 Qd6 15. Rg5 e5 16. f3 g6 17. Ng3 Ne8 18. c4 Ng7 19. Qh6 f5 20. h4 Rf6 21. h5 Raf8 22. hxg6 hxg6 1-0

[Event "Hamburg-ch int"]
[Site "Hamburg"]
[Date "2002.05.25"]
[Round "8"]
[White "Votava, Jan"]
[Black "Berg, Emanuel"]
[Result "0-1"]
[WhiteElo "2508"]
[BlackElo "2503"]
[PlyCount "116"]
[EventDate "2002.05.18"]
[Source "ChessBase"]
[SourceDate "2002.07.08"]

1. e4 e6 2. d4 d5 3. Nc3 Bb4 4. Bd3 Ne7 5. Nge2 c5 6. exd5 exd5 7. a3 Bxc3+ 8. Nxc3 c4 9. Be2 Nbc6 10. Bf3 Be6 11. Ne2 Nf5 12. c3 g5 13. Ng3 Nxg3 14. fxg3 h6 15. O-O Qd7 16. Bh5 O-O-O 17. Be3 f5 18. Qd2 Qd6 19. Rae1 Rdf8 20. Qe2 Rf6 21. Bc1 Rhf8 22. Rf2 Bd7 23. Ref1 Kb8 24. Qd1 Ka8 25. Qd2 Ne7 26. Bd1 Be6 27. Bc2 a6 28. b4 cxb3 29. Bxb3 Nc6 30. a4 Na5 31. Qa2 Rc8 32. Ba3 Qc6 33. Bb4 Nxb3 34. Qxb3 Bd7 35. Re1 Re6 36. Re5 Rce8 37. Rfxf5 Rxe5 38. Rxe5 Rxe5 39. dxe5 Qb6+ 40. Kf1 a5 41. Qxd5 axb4 42. Qxd7 b3 43. Qd3 b2 44. Qb1 Qb3 45. Ke2 Qxc3 46. Kd1 Qd4+ 47. Kc2 Qxa4+ 48. Kxb2 Qb5+ 49. Kc2 Qxb1+ 50. Kxb1 Kb8 51. Kc2 Kc7 52. Kd3 Kd7 53. h4 g4 54. h5 Ke6 55. Ke4 b5 56. Kd4 b4 57. Kc4 Kxe5 58. Kxb4 Ke4 0-1

[Event "FRA-chT 9900"]
[Site "?"]
[Date "2000.04.30"]
[Round "10.3"]
[White "Miralles Gilles"]
[Black "Bauer Christian"]
[Result "0-1"]
[WhiteElo "2490"]
[BlackElo "2517"]
[PlyCount "77"]
[EventDate "2000.??.??"]
[Source "www.chesslib.no"]
[SourceDate "2004.05.04"]

1. e4 e6 2. d4 d5 3. Nc3 Bb4 4. Qg4 Nf6 5. Qxg7 Rg8 6. Qh6 dxe4 7. Be3 b6 8. Nge2 Nbd7 9. a3 Bd6 10. Ng3 Bb7 11. Bb5 Rg6 12. Qh4 a6 13. Ba4 b5 14. Bb3 c5 15. dxc5 Bxc5 16. O-O-O Bxe3+ 17. fxe3 Qb6 18. Rd4 Rg4 19. Qh3 Ke7 20. Rf1 Rag8 21. Nh5 R8g5 22. Nf4 h5 23. Kb1 Rf5 24. Rfd1 Nc5 25. Ba2 a5 26. Rd6 Bc6 27. Nce2 Rfg5 28. Ng3 Nb7 29. R6d2 Qc5 30. Nh1 e5 31. Nd5+ Bxd5 32. Bxd5 Nd6 33. g3 Nf5 34. Nf2 Nxe3 35. Nxg4 hxg4 36. Qh8 Rg8 37. Qh4 Nf5 38. Bxf7 Nxh4 39. Bxg8 0-1

[Event "1st Serbian League Men"]
[Site "Zlatibor SRB"]
[Date "2007.09.01"]
[Round "11"]
[White "Miladinovic, I."]
[Black "Djukic, Z SRB."]
[Result "1-0"]
[WhiteElo "2605"]
[BlackElo "2402"]
[PlyCount "59"]
[EventDate "2007.08.21"]
[Source "www.chesslib.no"]
[SourceDate "2004.05.04"]

1. d4 e6 2. e4 d5 3. Nc3 Bb4 4. a3 Bxc3+ 5. bxc3 dxe4 6. Qg4 Nf6 7. Qxg7 Rg8 8. Qh6 b6 9. a4 Nbd7 10. a5 bxa5 11. Ne2 c5 12. dxc5 Qc7 13. Nd4 Qxc5 14. Qd2 a6 15. Nb3 Qc7 16. Nxa5 Nc5 17. Nc4 Nd5 18. Ba3 Bd7 19. Qd4 Rc8 20. Ne5 Qa5 21. Nc4 Qc7 22. Bb4 Bb5 23. Ba5 Qe7 24. Nb6 Rd8 25. Nc4 Rc8 26. Be2 Kf8 27. g3 Na4 28. Rxa4 Bxa4 29. Nb6 Bd7 30. Nxd5 1-0

[Event "Warsaw POL, 5. Amplico AIG"]
[Site "?"]
[Date "2005.12.18"]
[Round "10"]
[White "Heberla Bartlomiej"]
[Black "Gdanski Jacek"]
[Result "1-0"]
[WhiteElo "2465"]
[BlackElo "2540"]
[PlyCount "103"]
[EventDate "2005.??.??"]
[Source "www.chesslib.no"]
[SourceDate "2004.05.04"]

1. e4 e6 2. Nc3 d5 3. d4 Bb4 4. Bd3 dxe4 5. Bxe4 Nf6 6. Bf3 c5 7. a3 Bxc3+ 8. bxc3 Nc6 9. Ne2 e5 10. Bg5 cxd4 11. cxd4 Nxd4 12. Nxd4 exd4 13. O-O O-O 14. Rb1 h6 15. Bh4 a5 16. Qd3 Re8 17. Rfd1 Ra6 18. Bxb7 Bxb7 19. Rxb7 Rae6 20. h3 Re1+ 21. Rxe1 Rxe1+ 22. Kh2 Ng4+ 23. Kg3 Qd6+ 24. Kxg4 h5+ 25. Kf3 Qd5+ 26. Kg3 Qxb7 27. Kh2 Qe4 28. Qg3 Qxc2 29. Bf6 Qg6 30. Qb8+ Kh7 31. Bxd4 a4 32. Be3 Rb1 33. Qf4 Rb3 34. Qxa4 Qd6+ 35. Bf4 Qxa3 36. Qe4+ Kg8 37. Qe8+ Qf8 38. Qe5 Rb4 39. Bd2 Qb8 40. Qxb8+ Rxb8 41. g4 Kh7 42. Kg3 Kg6 43. Be3 Rb4 44. Bd2 Ra4 45. f3 Ra2 46. Be3 Re2 47. Bc1 Re1 48. Bd2 Rg1+ 49. Kh4 hxg4 50. hxg4 f6 51. Be3 Kf7 52. Bxg1 1-0

[Event "Open A"]
[Site "Zadar CRO"]
[Date "2007.12.16"]
[Round "1"]
[White "Miladinovic, I."]
[Black "Franic, M."]
[Result "1-0"]
[WhiteElo "2603"]
[BlackElo "2401"]
[PlyCount "65"]
[EventDate "2007.12.16"]
[Source "www.chesslib.no"]
[SourceDate "2004.05.04"]

1. d4 e6 2. e4 d5 3. Nc3 Bb4 4. a3 Bxc3+ 5. bxc3 dxe4 6. Qg4 Nf6 7. Qxg7 Rg8 8. Qh6 Nbd7 9. a4 c5 10. a5 Qc7 11. Qd2 b6 12. Ne2 Bb7 13. Qf4 Qc6 14. a6 Bc8 15. c4 Rg4 16. Qe3 Kf8 17. Bb2 Kg8 18. h3 Rg7 19. g4 cxd4 20. Nxd4 Qc5 21. Nb5 Rg6 22. Be2 Qxe3 23. fxe3 Nc5 24. Nc7 Rb8 25. g5 Nfd7 26. h4 e5 27. Rf1 Kf8 28. Bh5 Rg7 29. O-O-O Ke7 30. Nd5+ Kf8 31. Nf6 Ke7 32. Ba3 h6 33. Bg4 1-0

[Event "11 Open Aosta"]
[Site "Saint Vincent"]
[Date "2003.02.12"]
[Round "5"]
[White "Bauer, Christian"]
[Black "Sedina, Elena"]
[Result "1-0"]
[WhiteElo "2579"]
[BlackElo "2425"]
[PlyCount "142"]
[EventDate "2003.02.08"]
[Source "Roberto Alvarez"]
[SourceDate "2003.02.17"]

1. e4 e6 2. d4 d5 3. Nc3 Bb4 4. Bd3 dxe4 5. Bxe4 Nf6 6. Bf3 c5 7. Nge2 Nc6 8. Be3 Nd5 9. Bxd5 Qxd5 10. O-O Qh5 11. Nb5 O-O 12. c3 Ba5 13. dxc5 Rd8 14. Ng3 Qg6 15. Qb1 e5 16. Qxg6 hxg6 17. b4 a6 18. a4 f5 19. bxa5 f4 20. Nc7 Rb8 21. Rfd1 fxe3 22. fxe3 Bg4 23. Rd6 Kh7 24. h3 Bf5 25. e4 Rxd6 26. cxd6 Bd7 27. Rd1 Nxa5 28. Rd5 Nc4 29. Rc5 Nxd6 30. Rxe5 Bxa4 31. Re7 Ne8 32. Ne6 Rc8 33. Ne2 b5 34. N2f4 Bb3 35. Nf8+ Kg8 36. N8xg6 Bf7 37. Ra7 Rxc3 38. Ne5 Rc7 39. Rxa6 Nf6 40. Nxf7 Rxf7 41. e5 Ne4 42. Ng6 Rb7 43. e6 Nf6 44. h4 b4 45. h5 Rb8 46. Ne7+ Kh7 47. Nc6 Re8 48. Nxb4 Nxh5 49. Nd5 Nf6 50. Nc7 Rc8 51. Ra7 Kg6 52. Kf2 Ne8 53. Nd5 Rc5 54. Nf4+ Kf5 55. Rf7+ Ke5 56. Rf8 Rc8 57. g4 Nd6 58. e7 Re8 59. Ke3 Nc4+ 60. Kd3 Nd6 61. g5 Rxe7 62. Ng6+ Ke6 63. Nxe7 Kxe7 64. Ra8 Ke6 65. Ra5 Kf7 66. Ra6 Nf5 67. g6+ Ke7 68. Ke4 Nd6+ 69. Kd5 Nc8 70. Rc6 Kd7 71. Rxc8 Kxc8 1-0

[Event "Dortmund-A"]
[Site "Dortmund"]
[Date "1991.??.??"]
[Round "1"]
[White "Schmittdiel, Eckhard"]
[Black "Kindermann, Stefan"]
[Result "1/2-1/2"]
[WhiteElo "2485"]
[BlackElo "2515"]
[PlyCount "38"]
[EventDate "1991.03.??"]
[Source "ChessBase"]

1. e4 e6 2. d4 d5 3. Nc3 Bb4 4. Qd3 dxe4 5. Qxe4 Nf6 6. Qh4 Bd7 7. Bd3 Bc6 8. Nge2 Nbd7 9. Bd2 Nd5 10. Qg3 N7f6 11. O-O-O Bd6 12. Qh3 Nxc3 13. Nxc3 Qe7 14. f3 Bb4 15. Ne4 Bxd2+ 16. Rxd2 O-O-O 17. c3 h6 18. Nxf6 Qxf6 19. Qg3 g5 1/2-1/2